Heritage : Vietnam airlines inflight magazine 160

Nội dung số này trình bày: Mô típ hoa sen trong trang trí kiến trúc và nghệ thuật, những khoảnh khắc bình dị trên cây cầu cổ Thủ đô, dòng guitar độc tấu thu hút giới trẻ Việt, câu lạc bộ chạy sôi nổi ở Việt Nam,......

全面介紹

Đã lưu trong:
書目詳細資料
格式: 圖書
語言:Vietnamese
出版: H. Vietnam airlines 2015
主題:
標簽: 添加標簽
沒有標簽, 成為第一個標記此記錄!
Thư viện lưu trữ: Thư viện Trường Đại học Nam Cần Thơ
LEADER 01000nam a22002057a 4500
001 NCT_132807
008 220303b xxu||||| |||| 00| 0 vie d
999 |c 6832  |d 6832 
041 0 |a vie 
082 0 4 |2 23rd ed.  |a 915.97  |b H546 
245 0 0 |a Heritage :  |b Vietnam airlines inflight magazine  |n 160  |c Vietnam airlines 
260 |a H.  |b Vietnam airlines  |c 2015 
300 |c 29 cm 
310 |a Tháng 1 kỳ 
362 |a 07/2015 
520 3 |a Nội dung số này trình bày: Mô típ hoa sen trong trang trí kiến trúc và nghệ thuật, những khoảnh khắc bình dị trên cây cầu cổ Thủ đô, dòng guitar độc tấu thu hút giới trẻ Việt, câu lạc bộ chạy sôi nổi ở Việt Nam,... 
655 |a Tạp chí 
942 |2 ddc  |c CR 
952 |0 0  |1 0  |2 ddc  |4 0  |6 915_970000000000000_H546  |7 0  |9 24712  |a 000001  |b 000001  |d 2022-06-01  |o 915.97 H546  |r 2022-06-01  |w 2022-06-01  |y CR 
980 |a Thư viện Trường Đại học Nam Cần Thơ